Pays en K - Statistiques

Statistiques générales
  • Ce quiz a été pris 359 fois
  • Le résultat moyen est 5 sur 6
Statistiques - réponses
Réponse % Correct
Kazakhstan
91%
Kirghizistan
78%
Kosovo
76%
Kenya
72%
Koweit
69%
Kiribati
65%
Aucun quiz correspondant
Distribution des résultats
% des personnes avec chaque résultat
Percentile par nombre de réponses
Votre historique - résultats
Vous n’avez pas pris ce quiz